Far Eastern affairs : (Record no. 25935)
[ view plain ]
| 000 -LEADER | |
|---|---|
| fixed length control field | 00745cam a2200241 a 4500 |
| 001 - CONTROL NUMBER | |
| control field | 25935 |
| 003 - CONTROL NUMBER IDENTIFIER | |
| rucl marc code | BD-RjUL |
| 005 - DATE AND TIME OF LATEST TRANSACTION | |
| control field | 20211209050940.0 |
| 008 - FIXED-LENGTH DATA ELEMENTS--GENERAL INFORMATION | |
| fixed length control field | 140319s1960 enk 000 0 eng d |
| 035 ## - SYSTEM CONTROL NUMBER | |
| System control number | (BD-RjUL)26005 |
| 040 ## - CATALOGING SOURCE | |
| Original cataloging agency | EQO |
| Language of cataloging | eng |
| Transcribing agency | BD-RjUL |
| Modifying agency | BD-RjUL |
| 041 ## - LANGUAGE CODE | |
| Language code of text/sound track or separate title | eng |
| 082 ## - DEWEY DECIMAL CLASSIFICATION NUMBER | |
| Classification number | 950 |
| Author mark and year | FAR 1960 |
| 245 00 - TITLE STATEMENT | |
| Title | Far Eastern affairs : |
| Remainder of title | number two / |
| Statement of responsibility, etc. | edited by G. F. Hudson |
| 260 ## - PUBLICATION, DISTRIBUTION, ETC. (IMPRINT) | |
| Place of publication, distribution, etc. | London : |
| Name of publisher, distributor, etc. | Chatto & Windus, |
| Date of publication, distribution, etc. | 1960. |
| 300 ## - PHYSICAL DESCRIPTION | |
| Pagination | 139 p. ; |
| Size | 22 cm |
| 490 1# - SERIES STATEMENT | |
| Series statement | St. Antony's papers (London, England) ; |
| Volume/sequential designation | no. 7 |
| 651 #0 - SUBJECT ADDED ENTRY--GEOGRAPHIC NAME | |
| Geographic name | Asia |
| General subdivision | Politics and government |
| 9 (RLIN) | 79681 |
| 700 1# - ADDED ENTRY--PERSONAL NAME | |
| Personal name | Hudson, Geoffrey Francis, |
| Dates associated with a name | 1903- |
| 830 #0 - SERIES ADDED ENTRY--UNIFORM TITLE | |
| Volume number/sequential designation | no. 7 |
| 830 #0 - SERIES ADDED ENTRY--UNIFORM TITLE | |
| Uniform title | St. Antony's papers (London, England) ; |
| 942 ## - ADDED ENTRY ELEMENTS (KOHA) | |
| Source of classification or shelving scheme | Dewey Decimal Classification |
| Koha item type | Books |
| Lost status | Source of classification or shelving scheme | Damaged status | Not for loan | Collection code | Permanent Location | Current Location | Shelving location | Date acquired | Source of acquisition | Cost, normal purchase price | Total Checkouts | Full call number | Date last seen | Copy number | Koha item type |
|---|---|---|---|---|---|---|---|---|---|---|---|---|---|---|---|
| Dewey Decimal Classification | Added to bundle | Non-fiction | Central Library, University of Rajshahi | Central Library, University of Rajshahi | Reading Room | 29/03/1967 | Pak american commerical | 12.00 | 950 FAR 1960 | 19/03/2014 | C-1 | Books |